000 01717nam0a2200301 4500
001 RU\NLR\BIBL_A\022568336
005 20260420045811.0
021 _aRU
_bКН-П-25-019289
_9КН-П-25-1951
035 _a(NLR Aleph) 022568336
090 _a13675358
_c13675358
100 _a20250617d2024 u y0rusy50 ca
101 0 _arus
102 _aRU
105 _aa j 000yy
181 0 _ai
_baxxe
182 0 _an
200 1 _aКиберспорт. Соревнования по тактическому трехмерному бою
_eучебно-методическое пособие
_fВ. С. Коломойцев
_gМинистерство науки и высшего образования Российской Федерации, Федеральное государственное автономное образовательное учреждение высшего образования Санкт-Петербургский государственный университет аэрокосмического приборостроения
203 _aТекст
_bвизуальный
_cнепосредственный
210 _aСанкт-Петербург
_cГУАП
_d2024
215 _a55 с.
_cил., табл.
_d21
320 _aБиблиогр.: с. 55 (4 назв.)
606 1 _aКиберспорт
_jУчебно-методические пособия для высших учебных заведений
_92386690
_3RU\NLR\AUTH\6601644269
686 1 _aЧ517.265.9кибер.я73
700 1 _aКоломойцев
_bВ. С.
_gВладимир Сергеевич
942 _cBOOK
980 _aNB